000 nam a22 7a 4500
999 _c129488
_d129488
008 190430b xxu||||| |||| 00| 0 eng d
020 _a9780232527797
050 _aBV 210.2.D151 2010
100 _aDalrymple, John
_97415
245 _aSimple prayer
_c/ by John Dalrymple
260 _aLondon:
_bDarton.Longman and Todd,
_c2010.
300 _ax, 125p. ;
_c20cm.
650 _aPrayer
_946049
942 _2lcc
_cMONOGRAPH